MARC details
| 000 -CABECERA |
| campo de control de longitud fija |
00809nam a22002173a 4500 |
| 005 - FECHA Y HORA DE LA ÚLTIMA TRANSACCIÓN |
| campo de control |
20250108063740.0 |
| 008 - ELEMENTOS DE LONGITUD FIJA--INFORMACIÓN GENERAL |
| campo de control de longitud fija |
011016s1998 mx fr 000 0 spa d |
| 020 ## - NÚMERO INTERNACIONAL NORMALIZADO PARA LIBROS |
| Número Internacional Estándar del Libro |
9505502516 |
| 035 ## - NÚMERO DE CONTROL DEL SISTEMA |
| Número de control de sistema |
UPN01000114458 |
| 049 ## - COLECCIÓN |
| Colección |
CG |
| 050 #4 - SIGNATURA TOPOGRÁFICA DE LA BIBLIOTECA DEL CONGRESO |
| Número de clasificación |
BD255 |
| Número de documento/Ítem |
I5.7 |
| 245 00 - MENCIÓN DE TÍTULO |
| Título |
Interdisciplina para armar : |
| Resto del título |
plástica, poesía, matemática filosófica / |
| Mención de responsabilidad, etc. |
Alfredo R. Palacios ... [et al.]. |
| 260 ## - PUBLICACIÓN, DISTRIBUCIÓN, ETC. |
| Lugar de publicación, distribución, etc. |
Buenos Aires : |
| Nombre del editor, distribuidor, etc. |
Magisterio del Río de la Plata, |
| Fecha de publicación, distribución, etc. |
c1998. |
| 300 ## - DESCRIPCIÓN FÍSICA |
| Extensión |
160 p. : |
| Otras características físicas |
il. |
| 440 #0 - MENCIÓN DE SERIE/ASIENTO SECUNDARIO--TÍTULO |
| Título |
Respuestas educativas. |
| Nombre de parte o sección de la obra |
Eureka |
| 650 #4 - ASIENTO SECUNDARIO DE MATERIA - TERMINO TEMATICO |
| Término de materia o nombre geográfico como elemento de entrada |
Análisis del proceso de interacción en educación |
| 9 (RLIN) |
270 |
| 650 #4 - ASIENTO SECUNDARIO DE MATERIA - TERMINO TEMATICO |
| Término de materia o nombre geográfico como elemento de entrada |
Aproximación interdisciplinaria en educación |
| 9 (RLIN) |
3030 |
| 650 #4 - ASIENTO SECUNDARIO DE MATERIA - TERMINO TEMATICO |
| Término de materia o nombre geográfico como elemento de entrada |
APROXIMACION INTERDISCIPLINARIA AL CONOCIMIENTO |
| 9 (RLIN) |
1353 |
| 700 1# - ASIENTO SECUNDARIO--NOMBRE DE PERSONAL |
| Nombre de persona |
Palacios, Alfredo Raúl, |
| Término indicativo de función/relación |
coaut. |
| 9 (RLIN) |
31600 |
| 905 ## - TIPO DE MATERIAL |
| Tipo de material |
Libro |